000 00300nam a22001337a 4500
008 190225b xxu||||| |||| 00| 0 eng d
020 _a9780312413149
041 _aeng
080 _25th
_a371
100 _a46
101 _aEDU
245 _aThe Martin's Handbook
_cLunsford,A.A
942 _2udc
_cBK
999 _c54175
_d54175